The novels of Mulk Raj Anand : (Record no. 152353)
[ view plain ]
| 000 -LEADER | |
|---|---|
| fixed length control field | 00587nam a22001937a 4500 |
| 005 - DATE AND TIME OF LATEST TRANSACTION | |
| control field | 20180703105839.0 |
| 010 ## - LCCN (DPL NO) | |
| LC control number | B-161111 |
| 020 ## - INTERNATIONAL STANDARD BOOK NUMBER | |
| International Standard Book Number | 8126904585 |
| Terms of availability | 450.00 |
| 035 ## - SYSTEM CONTROL NUMBER | |
| System control number | B-161111, B-161108 |
| 037 ## - SOURCE OF ACQUISITION | |
| Source of stock number/acquisition | BPPD/PUB |
| 082 ## - DEWEY DECIMAL CLASSIFICATION NUMBER | |
| Classification number | 823.08 |
| 100 ## - MAIN ENTRY--PERSONAL NAME | |
| Personal name | Arora, Neena |
| 245 ## - TITLE STATEMENT | |
| Title | The novels of Mulk Raj Anand : |
| Statement of responsibility, etc | by Neena Arora |
| Remainder of title | a study of his hero |
| 260 ## - PUBLICATION, DISTRIBUTION, ETC. (IMPRINT) | |
| Place of publication, distribution, etc | New Delhi |
| Name of publisher, distributor, etc | Atlantic |
| Date of publication, distribution, etc | 2005 |
| 270 ## - ADDRESS | |
| Address | B-2, Vishal Enclave, Opp. Rajouri Garden |
| City | New Delhi |
| Postal code | 110027 |
| 300 ## - PHYSICAL DESCRIPTION | |
| Extent | viii, 222 |
| Dimensions | 22cm (Hb) |
| 500 ## - GENERAL NOTE | |
| General note | includes index |
| 942 ## - ADDED ENTRY ELEMENTS (KOHA) | |
| Source of classification or shelving scheme | Dewey Decimal Classification |
| Item type | English Books |
| Classification part | 823.08 |
| Call number suffix | ARO |
| Withdrawn status | Lost status | Not for loan | Collection code | Home library | Current library | Date acquired | Cost, normal purchase price | Full call number | Barcode | Cost, replacement price | Koha item type | Source of acquisition | Copy number |
|---|---|---|---|---|---|---|---|---|---|---|---|---|---|
| Non-fiction | Patel Nagar | Patel Nagar | 03/07/2018 | 450.00 | 823.08 ARO | B-161108 | 450.00 | English Books | BPPD/Pub | 1 | |||
| Non-fiction | Sarojini Nagar | Sarojini Nagar | 17/12/2018 | 823.08 ARO | B-161109 | English Books | |||||||
| Non-fiction | Shahdara Branch | Shahdara Branch | 29/05/2018 | 450.00 | 823.08 ARO | B-161111 | 450.00 | English Books |
